| 000 | 01837cam a22004814i 4500 | ||
|---|---|---|---|
| 003 | PE-LiUPU | ||
| 005 | 20250731173515.0 | ||
| 008 | 150616s1974 nyu rb 000 0 eng d | ||
| 020 | _a0385080379 | ||
| 035 | _a(Sirsi) i9780385080378 | ||
| 040 |
_aPE-LiUPU _bspa _cPE-LiUPU _erda |
||
| 049 | _aPRUA | ||
| 082 | 0 | 4 |
_a220.7 _bAB1974 _221 |
| 100 | 1 |
_aBarth, Markus, _eautor. |
|
| 245 | 1 | 0 |
_aEphesians : _bintroduction, translation and commentary on chapters 4-6 / _cMarkus Barth. |
| 264 | 1 |
_aNew York : _bThe Anchor Bible Doubleday, _c1974. |
|
| 300 |
_a489 páginas ; _c24 centímetros. |
||
| 336 |
_atext _2rdacontent |
||
| 337 |
_aunmediated _2rdamedia |
||
| 338 |
_avolume _2rdacarrier |
||
| 490 | 0 |
_aThe Anchor Bible ; _v34A |
|
| 504 | _aBibliografía: páginas 821-829. | ||
| 505 | 0 | _aStruture an summary -- Proclaamation, exhortation, and vocation -- Six constituents of common life -- The creed -- The interpretation of psalm -- The background of paul's interpretation -- Paull's exposition. | |
| 526 | _aSEG42 | ||
| 526 | _aSEG41 | ||
| 526 | _aSEG40 | ||
| 526 | _aSEG39 | ||
| 526 | _aP94 | ||
| 526 | _aP87 | ||
| 526 | _aP86 | ||
| 526 | _aP85 | ||
| 526 | _aP77 | ||
| 526 | _aP76 | ||
| 526 | _aP35 | ||
| 630 |
_aBiblia. _pN.T. _pEfesios _xComentarios. |
||
| 910 |
_ajck _bjvq _cjck |
||
| 942 |
_2ddc _cBOOK |
||
| 949 |
_a220.7 AB 34A 1974 _wDEWEY _c1 _i41492 _d2015-9-17 _e2015-9-17 _lCCODEBUL1 _mBUL _n1 _r0 _sY _tBOOK _u2015-6-16 _xTEOLOGIA _zUNKNOWN _0COMPRA _o.STAFF. Colección General |
||
| 994 |
_aC0 _bPEPRU |
||
| 596 | _a1 | ||
| 999 |
_a220.7 AB 34A 1974 _wDEWEY _c59209 _i41492 _d59209 _e2015-9-17 _f2021-11-9 _g5 _lCCODEBUL1 _mBUL _n1 _p12.00 _q2 _r0 _sY _tBOOK _u2015-6-16 _xTEOLOGIA _PP35 _0COMPRA _o.STAFF. Colección Teología |
||
| 980 |
_81 _gALBERTO SANCHEZ Responsable de Automatización |
||